000 00595cam a22002053a 4500
001 36090
003 PGUSA
005 20140828083758.0
008 110512s2011||||xxu|||||s|||||000 | eng d
040 _aPGUSA
_beng
042 _adc
100 1 _aCurtis, George William,
_d1824-1892
245 1 0 _aFrom the Easy Chair, series 3
_h[electronic resource] /
_cGeorge William Curtis
260 _bProject Gutenberg,
_c2011
506 _aPublic domain in the USA.
516 _aElectronic text
830 0 _aProject Gutenberg
_v36090
856 4 0 _uhttp://www.gutenberg.org/ebooks/36090
942 _cEB
999 _c265345
_d265345